000 00497nam a2200181Ia 4500
008 090124s9999 xx 000 0 und d
082 _b120004
100 _aखरे सुरेश.
245 _a काचेचा चंद्र
250 _a2
260 _c1972
300 _a88
600 _aखरे सुरेश.
630 _a काचेचा चंद्र
700 _aखरे सुरेश.
730 _a काचेचा चंद्र
942 _cBOOK
999 _c166090
_d166090